LDR 01010naa#a2200169#i#450# 001 RU\INFRA-M\bibl\114148 005 20260429095440.3 011 ## _a2500-0519 100 ## _a20260306b2026####ek#y0rusy0150####ca 102 ## _aRU 200 1# _aОсобенности объективации в языке различных временных отрезков в рамках субъективной оценки их длительности _eЖурнальная статья 210 1# _aМосква _cОбщество с ограниченной ответственностью «Научно-издательский центр ИНФРА-М» _d2026 215 ## _a4 с. 608 ## _aЖурнальная статья _2local 675 ## _aДиахроническая лингвистика (историческая лингвистика. 81-112 _aОбщие вопросы филологии, лингвистики и литературы. Риторика. 80 _z 700 #1 _aЕкимцова _gЕ. Н. 856 4# _anaukaru.ru _u